000 00470pab a2200181 454500
008 180718b2014 xxu||||| |||| 00| 0 eng d
100 _aShanmukham, B.
245 _aRe-look into the viscera examination of poison analysis in India
260 _c2014
300 _ap.54-55.
362 _aJul-Sep
650 _aDangerous materials - India
650 _aDangerous materials
700 _aJeremiah, J.
773 _aCBI Bulletin
908 _aN
909 _a106995
999 _c106990
_d106990